000 00259nam a2200109Ia 4500
008 200302s9999 xx 000 0 und d
100 _aRobert M. Jones
245 _aPorches and Patios
260 _bTime Life Books Co. Inc.
260 _c1981
300 _a136 P.,
999 _c2218
_d2218